Infància i famílies : la definició d'una política integrada per donar suport a les famílies la definició d'una política integrada per donar suport a les famílies
Descripción Física:
[41] p. ; 30 cm
MARC
| LEADER | 00000nam a2200000Ia 4500 | ||
|---|---|---|---|
| 001 | 21302 | ||
| 003 | BGR | ||
| 005 | 20260324175759.0 | ||
| 008 | 160829s2005 xx 000 0 cat d | ||
| 080 | |a FU-36-33 | ||
| 245 | |a Infància i famílies : |b la definició d'una política integrada per donar suport a les famílies | ||
| 260 | |a Barcelona : |b Diputació de Barcelona. [Àrea de Benestar Social], |c 2005 | ||
| 300 | |a [41] p. ; |c 30 cm | ||
| 590 | |a A la coberta: Fòrum de regidores i regidors de benestar social. | ||
| 590 | |a Sense enquadernar (grapat) | ||
| 650 | |a Serveis a les famílies |9 41005 | ||
| 650 | |a Política familiar |9 41006 | ||
| 650 | 0 | |a Infants |x Protecció, assistència, etc. |9 41847 | |
| 710 | 1 | |a Barcelona (Catalunya : Província). |b Àrea de Benestar Social |9 52988 | |
| 711 | |a Fòrum de Regidores i Regidors de Benestar Social |9 70931 | ||
| 901 | |a Arxiu | ||
| 942 | |n 1 |2 udc |c MON | ||
| 952 | |0 0 |1 0 |4 0 |6 FU3633 |7 1 |9 49991 |a Arxiu |b Arxiu |d 2016-12-01 |l 0 |o FU-36-33 |p 21302 |r 2016-12-01 00:00:00 |w 2016-12-01 |y ARXIU | ||
| 999 | |c 53833 |d 53833 | ||